Pellegrinaggio: i luoghi delle origini (Record n. 38112)

Dettagli MARC
000 -LEADER
fixed length control field 00890nam a22001697a 4500
003 - CONTROL NUMBER IDENTIFIER
control field IT-RoPau
005 - DATE AND TIME OF LATEST TRANSACTION
control field 20220918175942.0
008 - FIXED-LENGTH DATA ELEMENTS--GENERAL INFORMATION
fixed length control field 130218b xxu||||| |||| 00| 0 eng d
040 ## - CATALOGING SOURCE
Transcribing agency IT-RoPau
245 ## - TITLE STATEMENT
Title Pellegrinaggio: i luoghi delle origini
250 ## - EDITION STATEMENT
Edition statement I° ed.
260 ## - PUBLICATION, DISTRIBUTION, ETC. (IMPRINT)
Place of publication, distribution, etc. Roma
Name of publisher, distributor, etc. FSP
Date of publication, distribution, etc. s.d. (Post 1999)
300 ## - PHYSICAL DESCRIPTION
Extent 61 p.
Dimensions 20, 5 cm
490 ## - SERIES STATEMENT
Volume/sequential designation I
520 ## - SUMMARY, ETC.
Summary, etc. Indice<br/><br/>Alba: Casa Madre delle Figlie di San Paolo<br/>Luoghi dell' "infanzia e della gioventù" di Don Giacomo Alberione<br/>Vita e sviluppo della Famiglia Paolina<br/>Casa Madre della Società San Paolo e prima sede della<br/>Famiglia Paolina<br/>Sulle orme di Maestra Tecla<br/><br/>Liturgia e canti<br/>Celebrazioni delle Lodi<br/>Messa votiva del Divin Maestro<br/>Preghiere<br/>Celebrazioni dei Vespri<br/>Canti<br/><br/>Foglietto allegato:<br/>Pellegrinaggio ad Alba - 6 - 9 aprile 1990<br/>Itinerario Pellegrinaggio ad Alba - 6 - 9 aprile 1990<br/>Noter
942 ## - ADDED ENTRY ELEMENTS (KOHA)
Source of classification or shelving scheme Dewey Decimal Classification
Koha item type LIBRO
Dati di copia
Withdrawn status Lost status Source of classification or shelving scheme Damaged status Not for loan Home library Current library Date acquired Total Checkouts Full call number Date last seen Price effective from Koha item type
    Dewey Decimal Classification Buone Condizioni Not For Loan PAULUS-BIBLIOTECA PAULUS-BIBLIOTECA 18/02/2013   P C2 18/02/2013 18/02/2013 LIBRO
CREDITS: SOCIETA' SAN PAOLO Via A.Severo, 58 - ROMA (RM) & PERIODICI SAN PAOLO SRL Via Giotto, 36 MILANO & CISF Via Giotto, 36 MILANO & EDIZIONI SAN PAOLO SRL,  Piazza Soncino, 5 CINISELLO BALSAMO (MI) -- ITALY